MARC

LEADER 00000nam0a2200000 4500
001 35369
005 20231030233538.0
010 |a 5247015487 
035 |a (RuTPU)RU\TPU\book\35799 
035 |a BOOK00002451 
090 |a 35369 
100 |a 20011210d1991 m y0rusy50 ca 
101 0 |a rus 
102 |a RU 
105 |a y j 000zy 
200 1 |a Газовые сети и газохранилища  |e учебное пособие  |f Е. И. Яковлев 
205 |a 2-е изд., перераб. и доп. 
210 |a Москва  |c Недра  |d 1991 
215 |a 399 с. 
225 1 |a Высшее образование 
610 1 |a газовые сети 
610 1 |a газохранилища 
610 1 |a системы газоснабжения 
610 1 |a системы газораспределения 
610 1 |a газорегуляторные станции 
610 1 |a подземные газохранилища 
610 1 |a транспортные средства 
610 1 |a эксплуатация 
610 1 |a проектирование 
610 1 |a учебные пособия 
675 |a 696.2(075.8)  |v 3 
675 |a 622.691.2(075.8)  |v 3 
700 1 |a Яковлев  |b Е. И.  |g Евгений Ильич 
801 0 |a RU  |b 63413507  |c 20011210  |g PSBO 
801 2 |a RU  |b 63413507  |c 20151203  |g PSBO 
900 |a Эксплуатация газонефтепродуктов и хранилищ 
900 |a Исследование количественных и качественных характеристик углеводородов в системе трубопроводного транспорта 
900 |a Сооружение и ремонт резервуарных парков, терминалов и газохранилищ 
942 |c BK